Comptes rendus et memoires : Congres periodique international des sciences medicales, 6me session, Amsterdam, septembre 1879 /

Saved in:
Bibliographic Details
Corporate Author: International Medical Congress Amsterdam
Other Authors: Guye, A. A. G.
Format: Conference Proceeding Book
Language:Multiple
Published: Amsterdam : Van Rossen, 1881.
Subjects:
LEADER 01177nam a22002531a 4500
001 c000072796
003 CARM
005 00000000000000.0
008 980522s1881 ne 00000 mul d
019 1 |a 13885591  |5 LACONCORD2021 
035 |a (OCoLC)222233760  |5 LACONCORD2021 
040 |a CLONE  |c VU 
111 2 0 |a International Medical Congress  |n (6th :  |d 1879 :  |c Amsterdam) 
245 1 0 |a Comptes rendus et memoires :  |b Congres periodique international des sciences medicales, 6me session, Amsterdam, septembre 1879 /  |c publies avec le concours des secretaires des sections par Guye [et al.] 
260 |a Amsterdam :  |b Van Rossen,  |c 1881. 
300 |a 2 v. 
500 |a Text in French or German. 
650 0 |a Medicine  |x Congresses. 
700 1 |a Guye, A. A. G. 
852 8 |b CARM  |h A2:AD09G0  |i C02289  |p 0090620  |f BK 
852 8 |b CARM  |h A2:AD09G0  |i C02289  |p 0200972  |f BK 
999 f f |i 3f7c3b0b-75e2-5809-8611-9db446250e67  |s fc9a07c2-1cd9-5a26-8328-be1fcb5b0956 
952 f f |p Can circulate  |a CAVAL  |b CAVAL  |c CAVAL  |d CARM 1 Store  |e C02289  |f A2:AD09G0  |h Other scheme  |i book  |j t.1 held  |m 0090620 
952 f f |p Can circulate  |a CAVAL  |b CAVAL  |c CAVAL  |d CARM 1 Store  |e C02289  |f A2:AD09G0  |h Other scheme  |i book  |j t.2 held  |m 0200972